000 01731nam a22003017a 4500
001 1647
003 FISKH
005 20230915112449.0
008 230913b cb ||||| |||| 00| 0 khr d
020 _a9789924341529
040 _aFISKH
_beng
_cFISKH
_dFISKH
082 _a599.756
100 _a Jianghong, Chen
245 _aព្រះអង្គម្ចាស់ខ្លា /
_cនិពន្ធនិងគូររូបដោយ ឈឹន ជាងហុង - បកប្រែពីភាសាបារាំងដោយ អ៊ុំ វ័ណថារី
260 _aParis :
_bSipar,
_c2005.
300 _a43 pages :
_bcolor illustrations ;
_c20 cm
490 _aរឿងដំបូងៗ
505 _aK
520 _aមេខ្លាសោកសៅព្រោះកូនៗត្រូវគេសម្លាប់អស់។ ជាមួយកំហឹងនេះ វាបំផ្លាញភូមិសម្លាប់មនុស្សសត្វ។ ដើម្បីបន្ថយកំហឹងមេខ្លាបាន មានតែបញ្ជូនបុត្រាវិនទៅក្នុងព្រៃទេ។
520 _aThe tiger is sad because all the children have been killed. With this anger it destroys the village, killing people and animals. To allay​ the tiger's anger, the king sends his son to win back the forest.
521 8 _a510
_bLexile estimate
521 8 _aK
_bRaz-Plus
650 _aសម្លាប់
_vខ្លា
_xព្រៃ
_yបន្ថយ
650 _aKilling
_vTiger
_xForest
_yAllay
700 _aVanthary, Oum
_eTranslator
700 _a Jianghong, Chen
_eillustrator
942 _2ddc
_cKHB
_n0
999 _c1647
_d1647